{"text_format":"3","workbook":"xlsx","n_sheets":1,"sheets":["Sheet1"],"read":"whole","date_system":"1900"}

{"sheet":"Sheet1","index":0,"n_rows":26,"n_cols":8,"rows_kept":26,"merged":[[0,0,0,6],[1,7,5,8],[22,0,22,4],[22,5,22,6],[25,0,25,6]]}
["动物工程系25-26-1 活体类 采购清单"]
["序号","名称","耗材规格","单位","数量","参考单价（元）","单项控制价（元）","急用，开学第一周（9月5日之前）到货"]
[1,"羊","25KG以上","只",1,2000,{"$f":"E3*F3","v":2000}]
[2,"鸡","成年鸡","只",50,60,3000]
[3,"带皮猪肉","3KG以上/块","块",5,100,500]
[4,"羊颗粒饲料","每袋40公斤","袋",6,200,1200]
[5,"鸡饲料","每袋40公斤","袋",3,200,600]
[6,"兔颗粒饲料","每袋40公斤","袋",2,200,400]
[7,"鱼食","30g","代",30,1.5,45]
[8,"羊","25公斤以上","只",6,2000,12000]
[9,"鸡","成年鸡","只",140,60,8400]
[10,"公鸡","成年公鸡","只",10,80,800]
[11,"家兔","2.5公斤/只","只",50,60,3000]
[12,"鱼","金鱼、孔雀鱼、锦鲤、红绿灯等成对","组",15,25,375]
[13,"牛肉",null,"斤",18,35,630]
[14,"生鸭蛋",null,"斤",40,9,360]
[15,"鲜牛奶",null,"斤",50,4,200]
[16,"猪肉",null,"斤",18,16,288]
[17,"猪胃",null,"个",72,50,3600]
[18,"猪小肠",null,"副",15,50,750]
[19,"种蛋",null,"个",200,1.5,300]
[20,"犬","5公斤以上，公、母对半","只",34,200,6800]
["总控制价（元）：",{"$nulls":4},{"$f":"SUM(G3:G22)","v":45248}]
[]
[]
["注：1.此表单价为参考价格，报价不得超过控制价；2.可将此表修改为报价单，但其中序号、耗材品名、型号规格、单位、数量不得修改。"]